LEADER 00862nam0-2200313---450- 001 990008816750403321 005 20090318161847.0 010 $a2-13-039316-0 035 $a000881675 035 $aFED01000881675 035 $a(Aleph)000881675FED01 035 $a000881675 100 $a20090303d1986----km-y0itay50------ba 101 0 $afre 102 $aFR 105 $ay-------001yy 200 1 $a<>génétique et l'évolution$fDenis Buican 210 $aParis$cPress universitaires de France$d1986 215 $a125 p.$d18 cm 225 1 $aQue sais-je?$v2273 676 $a572.838$v21$zita 700 1$aBuican,$bDenis$0504933 801 0$aIT$bUNINA$gRICA$2UNIMARC 901 $aBK 912 $a990008816750403321 952 $aCollezioni 82 (2273)$b52088*$fFGBC 959 $aFGBC 996 $aGénétique et l'évolution$9806523 997 $aUNINA